Encrucijadas de fin de siglo
Guardat en:
| Format: | Text |
|---|---|
| Etiquetes: |
Afegir etiqueta
Sense etiquetes, Sigues el primer a etiquetar aquest registre!
|
MARC
| LEADER | 00000 a a2200000 04500 | ||
|---|---|---|---|
| 001 | 7116 | ||
| 003 | |||
| 040 | |||
| 245 | |a Encrucijadas de fin de siglo | ||
| 773 | |g volumen 18, número 213; páginas 3-10 | ||
| 999 | |c 33819 |d 33819 | ||
